[Event "SVK-ch U10"]
[Site "Lubovna"]
[Date "2020.08.20"]
[Round "7"]
[White "Murin, Lukas"]
[Black "Strapec, Tomas"]
[Result "0-1"]
[WhiteElo "1000"]
[BlackElo "1088"]
[PlyCount "26"]
[EventDate "2020.08.15"]
[EventType "swiss"]
[EventRounds "9"]
[EventCountry "SVK"]
[SourceTitle "EXT 2021"]
[Source "ChessBase"]
[SourceDate "2020.10.23"]
[SourceVersion "1"]
[SourceVersionDate "2020.10.23"]
[SourceQuality "1"]

1. e4 e5 2. Nf3 Nc6 3. Nc3 Nf6 4. Bc4 Bc5 5. 0-0 0-0 6. Re1 d6 7. d3 Bg4 8. Bg5 Nd4 9. h3 Nxf3+ 10. gxf3 Bxh3 11. f4 Bg4 12. Qd2 exf4 13. Bxf4 Bh3 0-1

[Event "SVK-ch U10"]
[Site "Lubovna"]
[Date "2020.08.17"]
[Round "3"]
[White "Serdel, Patrik"]
[Black "Strapec, Tomas"]
[Result "0-1"]
[WhiteElo "1000"]
[BlackElo "1088"]
[PlyCount "62"]
[EventDate "2020.08.15"]
[EventType "swiss"]
[EventRounds "9"]
[EventCountry "SVK"]
[SourceTitle "EXT 2021"]
[Source "ChessBase"]
[SourceDate "2020.10.23"]
[SourceVersion "1"]
[SourceVersionDate "2020.10.23"]
[SourceQuality "1"]

1. e4 e5 2. Nf3 Nc6 3. Nc3 Nf6 4. Nd5 Bc5 5. Bc4 0-0 6. 0-0 d6 7. Ng5 h6 8. Nf3 Bg4 9. h3 Bxf3 10. Qxf3 Nxd5 11. exd5 Nd4 12. Qd3 Qf6 13. Qe4 Nf5 14. d3 Ne7 15. h4 c6 16. Bd2 cxd5 17. Qf3 Qxf3 18. gxf3 dxc4 19. dxc4 Nf5 20. f4 Nxh4 21. fxe5 Nf3+ 22. Kg2 Nxd2 23. Rfd1 Nxc4 24. b3 Nxe5 25. Rd5 Ng6 26. c3 Nf4+ 27. Kf3 Nxd5 28. c4 Nc7 29. a3 a5 30. a4 Rfe8 31. b4 Bxb4 0-1